Catálogo
 En Linea

La gran aventura de Cristobal Colón. / (Registro nro. 40790)

Detalles MARC
000 -CABECERA
campo de control de longitud fija 00596nam a2200181 a 4500
001 - NÚMERO DE CONTROL
campo de control 000041300
005 - FECHA Y HORA DE LA ÚLTIMA TRANSACCIÓN
campo de control 20201002034752.0
008 - DATOS DE LONGITUD FIJA--INFORMACIÓN GENERAL
campo de control de longitud fija 130930s2006 sp c 001 0 spa d
020 ## - NÚMERO INTERNACIONAL ESTÁNDAR DEL LIBRO
Número Internacional Estándar del Libro 846702142x
040 ## - FUENTE DE LA CATALOGACIÓN
Centro catalogador/agencia de origen DO-SdBNP
Lengua de catalogación spa
Centro/agencia transcriptor BNPHU
082 ## - NÚMERO DE LA CLASIFICACIÓN DECIMAL DEWEY
Número de clasificación xxxx
Número de documento/Ítem xxx
100 1# - ENTRADA PRINCIPAL--NOMBRE DE PERSONA
Nombre de persona Fernández Álvarez, Manuel
9 (RLIN) 67918
245 13 - MENCIÓN DE TÍTULO
Título La gran aventura de Cristobal Colón. /
Mención de responsabilidad, etc. Manuel Fernández Álvarez.
260 ## - PUBLICACIÓN, DISTRIBUCIÓN, ETC.
Lugar de publicación, distribución, etc. Madrid :
Nombre del editor, distribuidor, etc. Espasa -Calpe,
Fecha de publicación, distribución, etc. 2006.
300 ## - DESCRIPCIÓN FÍSICA
Extensión 351 p. :
Otras características físicas retr. ;
Dimensiones 22 cm.
500 ## - NOTA GENERAL
Nota general Incluye datos biografícos del autor en la solapa de la portada
504 ## - NOTA DE BIBLIOGRAFÍA, ETC.
Nota de bibliografía, etc. Bibliografía p: 341-344
Existencias
Estado de retiro Estado de pérdida Restricciones de uso No para préstamo Código de colección Localización permanente Ubicación/localización actual Ubicación en estantería Fecha de adquisición Número de inventario Total de préstamos Signatura topográfica completa Código de barras Fecha visto por última vez Precio válido a partir de Tipo de ítem Koha
      Excluido de préstamo Monografías: Libros y Folletos General General En catalogación 30.09.2013 LF1   xxxx xxx 41300-10 25.06.2020 25.06.2020 No se presta

Con tecnología Koha